Holy Bible (Record no. 17607)

MARC details
000 -LEADER
fixed length control field 00593nam a2200229 a 4500
020 ## - INTERNATIONAL STANDARD BOOK NUMBER
ISBN
082 00 - DEWEY DECIMAL CLASSIFICATION NUMBER
Classification number 220.520
Author Cutter ZON
245 ## - TITLE STATEMENT
Title Holy Bible
Sub title New Revised Standard Version
260 ## - PUBLICATION, DISTRIBUTION, ETC. (IMPRINT)
Place of publication Michigan
Name of publisher Zondervan Publishing House
Year of publication 1984
300 ## - PHYSICAL DESCRIPTION
Number of Pages 1392p
500 ## - GENERAL NOTE
General note includes index and biblioraphy
505 2# - FORMATTED CONTENTS NOTE
Formatted contents note Appendixes, Index
650 ## - SUBJECT ADDED ENTRY--TOPICAL TERM
Topical Term Bible-English
942 ## - ADDED ENTRY ELEMENTS (KOHA)
Koha item type Books
Holdings
Collection code Home library Current library Shelving location Date acquired Cost, normal purchase price Full call number Accession Number Koha item type
Reference Henry Martyn Institute Library Henry Martyn Institute Library Reference 10/31/2013 100.00 220.520 ZON 11000402 Books
                   Copyright © 2026 | Henry Martyn Institute | Hyderabad | TS-500052 | INDIA | Implemented by hmi.edu.in
Hit-Count:

Powered by Koha